COLLAGE PHYSICS / (Record no. 614940)

000 -LEADER
fixed length control field 00343nam a22001457a 4500
020 ## - INTERNATIONAL STANDARD BOOK NUMBER
Qualifying information PB.
040 ## - CATALOGING SOURCE
Transcribing agency FIZZA ISHAQ
082 ## - DEWEY DECIMAL CLASSIFICATION NUMBER
Classification number 530.076
Author Mark FAU
100 ## - MAIN ENTRY--PERSONAL NAME
Personal name SERWAY,FAUGHN.
9 (RLIN) 130761
245 ## - TITLE STATEMENT
Title COLLAGE PHYSICS /
Statement of responsibility, etc. SERWAY FAUGHN.
250 ## - EDITION STATEMENT
Edition statement 5TH ED.
260 ## - PUBLICATION, DISTRIBUTION, ETC.
Place of publication, distribution, etc. USA ;
Name of publisher, distributor, etc. EMILY BARROSSE.
Date of publication, distribution, etc. 1985.
300 ## - PHYSICAL DESCRIPTION
Extent 1029 P. ;
942 ## - ADDED ENTRY ELEMENTS (KOHA)
Source of classification or shelving scheme
Koha item type Book
Holdings
Withdrawn status Lost status Source of classification or shelving scheme Damaged status Not for loan Permanent Location Current Location Date acquired Total Checkouts Full call number Barcode Date last seen Price effective from Koha item type
          NUST Baluchistan Campus (NBC) NUST Baluchistan Campus (NBC) 09/29/2025   530.076 FAU QD-32 09/29/2025 09/29/2025 Book
© 2023 Central Library, National University of Sciences and Technology. All Rights Reserved.